000 00442nam a2200157Ia 4500
008 240729s9999 xx 000 0 und d
022 _a2091-1335
245 0 _aOrthodontic Journal of Nepal
260 _aNepal
260 _bOrthodontic and Dentofacial Orthopedic Association of Nepal
650 _a Dentistry
650 _aMedicine
856 _uhttps://doaj.org/toc/b3da3160d1ae41239aa7ce03ade26486
942 _2ddc
942 _cDOAJEJ
999 _c70170
_d70170
945 _a1
_bMadushi Gamage
_c1
_dMadushi Gamage